000 00326nam a2200133Ia 4500
005 20260328104331.0
008 260328s9999||||xx |||||||||||||| ||und||
100 _aMcCormack, Catherine
245 4 _aThe Art of Looking Up /
_cCatherine McCormack
260 _bWhite Lion
300 _a239 p.
650 _aARTE
942 _cBK
999 _c11699
_d11699